[Event "Armenia ch 2007 desempate"]
[Site "Yerevan ARM"]
[Date "2007.06.26"]
[Round "1"]
[White "Asrian, Karen"]
[Black "Kotanjian, Tigran"]
[Result "1-0"]
[WhiteElo "2634"]
[BlackElo "2524"]
[PlyCount "65"]
[EventDate "2007.01.16"]
[EventType "match (rapid)"]
[EventRounds "2"]
[EventCountry "ARM"]
[EventCategory "11"]
[Source "lmi"]
[SourceDate "2007.01.16"]

1. e4 c5 2. Nf3 d6 3. d4 cxd4 4. Nxd4 Nf6 5. Nc3 Nc6 6. Bg5 e6 7. f3 a6 8. Qd2
Bd7 9. O-O-O h6 10. Be3 Qc7 11. Kb1 b5 12. Nxc6 Bxc6 13. Ne2 Be7 14. Nd4 Bb7
15. g4 Nd7 16. h4 Ne5 17. Be2 Nc4 18. Bxc4 Qxc4 19. g5 hxg5 20. hxg5 Rxh1 21.
Rxh1 g6 22. Nb3 Qc7 23. Rh7 Bf8 24. Na5 Bc8 25. f4 Bd7 26. f5 b4 27. fxg6 Qxa5
28. gxf7+ Kd8 29. g6 Qb5 30. Qf2 Kc7 31. g7 Bxg7 32. Rxg7 Rf8 33. Rg8 1-0

[Event "Armenia ch 2007 desempate"]
[Site "Yerevan ARM"]
[Date "2007.01.26"]
[Round "2"]
[White "Kotanjian, Tigran"]
[Black "Asrian, Karen"]
[Result "0-1"]
[WhiteElo "2524"]
[BlackElo "2634"]
[PlyCount "82"]
[EventDate "2007.01.16"]
[EventType "match (rapid)"]
[EventRounds "2"]
[EventCountry "ARM"]
[EventCategory "11"]
[Source "lmi"]
[SourceDate "2007.01.16"]

1. d4 e6 2. c4 Bb4+ 3. Bd2 Qe7 4. g3 Nf6 5. Bg2 Nc6 6. Nf3 Bxd2+ 7. Nbxd2 d6 8.
O-O a5 9. e4 e5 10. d5 Nb8 11. c5 O-O 12. cxd6 cxd6 13. Re1 Na6 14. Nc4 Nc5 15.
Nfd2 Nfd7 16. Bf1 b6 17. a3 a4 18. Rc1 Ba6 19. Rc3 Rfb8 20. f4 Bxc4 21. Rxc4
exf4 22. gxf4 Qf6 23. Nf3 Qxb2 24. e5 Re8 25. Rc2 Qxa3 26. e6 Nf6 27. Bb5 fxe6
28. Bxe8 Rxe8 29. dxe6 Rxe6 30. Rxe6 Nxe6 31. Rc8+ Kf7 32. f5 Qe3+ 33. Kh1 Nc5
34. Rc7+ Kg8 35. Kg2 Nd3 36. Rc8+ Kf7 37. Rc2 Ne4 38. h4 h6 39. Ng5+ hxg5 40.
Rc7+ Kf8 41. Rc8+ Ke7 0-1